000 01193nam a22002177a 4500
999 _c35552
_d35552
003 OSt
005 20250327203103.0
008 250108b ||||| |||| 00| 0 eng d
040 _cBCRI
082 _a610.72
100 _948987
_aCortez Henríquez, Yajaira del Carmen
245 _aFactores socio demográficos y culturales asociados al incumplimiento del esquema de vacunación en niños de 0 a 5 años que asisten a la Unidad de Salud de San Esteban Catarina en el periodo de enero a junio del año 2024.
_b: Informe final de investigación
_cYajaira del Carmen Cortez Henríquez, Wendy Carolina Umaña Morales, Oscar Reynaldo Valladares Flores
260 _aIlobasco, Cabañas
_bUniversidad Católica de El Salvador
_c2024
300 _a79 h.
_c27 cm.
_eVersión digital en USB
502 _aTrabajo de graduación para optar al grado académico de Licenciados en Enfermería.
650 0 _914936
_aEnfermería
_xInvestigación
700 _948988
_aUmaña Morales, Wendy Carolina
700 _948989
_aValladares Flores, Oscar Reynaldo
710 _940915
_aUniversidad Católica de El Salvador
_bCentro Regional de Ilobasco
_bFacultad Multidisciplinaria
942 _2ddc
_cTG
_hprozim